[Event "Ciudad Guayana Morales Memorial U1900"]
[Site "Ciudad Guayana"]
[Date "2016.04.15"]
[Round "1"]
[White "Sequera Morales, Jose David"]
[Black "Narvaez, Ibrahin Jose"]
[Result "0-1"]
[WhiteElo "1601"]
[BlackElo "1867"]
[PlyCount "118"]
[EventDate "2016.04.15"]
[EventType "swiss"]
[EventRounds "7"]
[EventCountry "VEN"]
[SourceTitle "EXT 2022"]
[Source "ChessBase"]
[SourceDate "2021.10.06"]
[SourceVersion "1"]
[SourceVersionDate "2021.10.06"]
[SourceQuality "1"]

1. e4 e5 2. Nc3 Nc6 3. Bc4 d6 4. d3 Be7 5. f4 exf4 6. Bxf4 Nf6 7. h3 0-0 8. Nf3 Nh5 9. Be3 Bh4+ 10. Nxh4 Qxh4+ 11. Bf2 Qg5 12. h4 Qg6 13. Rh2 Bg4 14. Qd2 h6 15. Nd5 Rac8 16. Bxa7 Nf6 17. Nf4 Qh7 18. Be3 Nh5 19. Nxh5 Bxh5 20. Bf4 Nd4 21. c3 b5 22. Bxf7+ Rxf7 23. cxd4 Rcf8 24. g3 Qg6 25. Qe3 Qg4 26. Kd2 g5 27. hxg5 hxg5 28. Rah1 gxf4 29. gxf4 Rg7 30. Rxh5 Rxf4 31. Rh8+ Kf7 32. R1h4 Qg2+ 33. Kc3 Rf6 34. Rf4 b4+ 35. Kb3 Rgg6 36. Rxf6+ Rxf6 37. Rh7+ Kf8 38. Rxc7 Qg4 39. Kxb4 Qg2 40. Kb3 d5 41. Rc8+ Kf7 42. Rc2 Rb6+ 43. Ka3 Qxc2 44. Qf4+ Ke7 45. Qe5+ Kd7 46. Qxd5+ Kc7 47. Qf7+ Kb8 48. Qe8+ Ka7 49. Qd7+ Rb7 50. Qa4+ Qxa4+ 51. Kxa4 Rxb2 52. d5 Kb6 53. Ka3 Rd2 54. Kb4 Rxd3 55. Kc4 Ra3 56. d6 Kc6 57. e5 Ra4+ 58. Kd3 Kd5 59. d7 Rd4+ 0-1